Normal view
MARC view
- Raju P V L & Abhyankar M W, Donor
Entry Personal Name
001 - CONTROL NUMBER
- control field: 116089
003 - CONTROL NUMBER IDENTIFIER
- control field: OSt
005 - DATE AND TIME OF LATEST TRANSACTION
- control field: 20230125045118.0
008 - FIXED-LENGTH DATA ELEMENTS
- fixed length control field: 230125|| aca||aabn | a|a d
040 ## - CATALOGING SOURCE
- Original cataloging agency: OSt
- Transcribing agency: OSt
100 ## - HEADING--PERSONAL NAME
- Personal name: Raju P V L & Abhyankar M W, Donor
670 ## - SOURCE DATA FOUND
- Source citation: Work cat.: (OSt)93773: Raju P V L 110192, Effective Human Resource Management, 2005